000 00846nam a2200253Ia 4500
003 IN-BaIIA
008 211028s9999 xx s 000 0 eng d
020 _a978-3-540-49130-9 (Online)
020 _a978-3-540-65667-8 (Print)
022 _a0075-8450 (Print)
022 _a1616-6361 (Online)
040 _cIIA Library
100 _aMathelitsch, Leopold, ed.
_939925
245 0 _aBroken Symmetries
_h[eBook]
260 _aHeidelberg, Berlin
_bSpringer Berlin Heidelberg
_c1999
300 _aOnline resource
490 _aLecture Notes in Physics
650 _a Particle and Nuclear Physics
_936177
650 _a Theoretical, Mathematical and Computational Physics
_938331
650 _aPhysics
_973
700 _aPlessas, Willibald, ed.
_939926
856 _uhttp://doi.org/10.1007/BFb0105520
_yClick Here to Access eBook
942 _cEB
999 _c21592
_d21592